|
|
|
|
| LEADER |
00000nab a2200000 a 4500 |
| 001 |
vtls010558952 |
| 003 |
SK-MaSNL |
| 005 |
20260319071157.0 |
| 008 |
131118c20131116xo d| 000 0|hun |
| 015 |
|
|
|a SNBRB2013/11
|
| 038 |
|
|
|a DSZK
|
| 040 |
|
|
|a DSZK
|b slo
|c DSZK
|e AACR2
|
| 041 |
0 |
|
|a hun
|
| 044 |
|
|
|a xo
|c SK
|
| 080 |
|
|
|a 352
|x (437.612)
|2 2001
|
| 080 |
|
|
|a 711.437:06.063
|x (437.6)
|2 2001
|
| 080 |
|
|
|a 06.063
|x (437.6)
|2 2001
|
| 245 |
0 |
0 |
|a Átadták az Év faluja 2013 díjakat
|c [szerző] (szcs)
|
| 300 |
|
|
|b Fotogr.
|
| 611 |
2 |
7 |
|a Dedina roka
|n (9. :
|d 2013 :
|c Slovensko)
|2 dszk
|9 1095351
|
| 648 |
|
7 |
|a 2013
|2 dszk
|9 324251
|
| 650 |
0 |
7 |
|a súťaže
|2 dszk
|9 3301
|
| 650 |
0 |
7 |
|a oslavy
|2 dszk
|9 484766
|
| 651 |
|
7 |
|a Malé Dvorníky (Slovensko)
|2 dszk
|9 154263
|
| 773 |
0 |
|
|t Új szó
|g Évf. 66, sz. 267 (2013.11.16), o. 5
|x 1335-7050
|
| 852 |
|
|
|a DSZK
|b KIS3GCP
|
| 958 |
|
|
|a HU
|
| 958 |
|
|
|a SK
|
| 999 |
|
|
|c 1800713
|d 1802643
|